| 000 | 00543nam a2200205Ia 4500 | ||
|---|---|---|---|
| 008 | 160803s9999 xx 000 0 und d | ||
| 020 | _a978-0613225403 | ||
| 100 | _aCanizares, Susan | ||
| 245 | _aTwo can do it! / | ||
| 245 | _cSusan Canizares, Betsey Chessen. | ||
| 260 | _aNew York : | ||
| 260 | _bScholastic Inc. | ||
| 260 | _c2013 | ||
| 500 | _aSocial studies emergent readers. | ||
| 650 | _aSharing in children -- | ||
| 650 | _aSharing in children. | ||
| 650 | _aSharing. | ||
| 650 | _xJuvenile literature. | ||
| 700 | _aBR | ||
| 999 |
_c299173 _d299173 |
||